[Event "FIDE Steinitz Memorial (Women)"]
[Site "chess24.com INT"]
[Date "2020.05.15"]
[Round "5"]
[White "Khademalsharieh, Sarasadat"]
[Black "Kosteniuk, Alexandra"]
[Result "0-1"]
[WhiteElo "2494"]
[BlackElo "2471"]
[PlyCount "54"]
[EventDate "2020.05.15"]
[EventType "tourn (blitz)"]
[EventRounds "18"]
[EventCountry "USA"]
[EventCategory "10"]
[SourceTitle "CBM 196 Extra"]
[Source "ChessBase"]
[SourceDate "2020.07.31"]
[SourceVersion "1"]
[SourceVersionDate "2020.07.31"]
[SourceQuality "1"]

1. d4 Nf6 2. c4 e6 3. Nf3 b6 4. a3 Bb7 5. Nc3 Ne4 6. Nxe4 Bxe4 7. e3 Be7 8. Bd3
d5 9. cxd5 exd5 10. O-O O-O 11. b3 Nd7 12. Bb2 f5 13. Rc1 f4 14. Bxe4 dxe4 15.
Nd2 fxe3 16. fxe3 Bg5 17. Qe2 Rxf1+ 18. Nxf1 Nf6 19. Qc4+ Qd5 20. Qxc7 Qxb3 21.
Qc3 Qxc3 22. Bxc3 Rc8 23. Bd2 Rxc1 24. Bxc1 Kf7 25. Kf2 Ke6 26. Ng3 g6 27. h3
Bh4 0-1

[Event "FIDE Steinitz Memorial (Women)"]
[Site "chess24.com INT"]
[Date "2020.05.15"]
[Round "6"]
[White "Kosteniuk, Alexandra"]
[Black "Lei, Tingjie"]
[Result "1/2-1/2"]
[WhiteElo "2471"]
[BlackElo "2505"]
[PlyCount "96"]
[EventDate "2020.05.15"]
[EventType "tourn (blitz)"]
[EventRounds "18"]
[EventCountry "USA"]
[EventCategory "10"]
[SourceTitle "CBM 196 Extra"]
[Source "ChessBase"]
[SourceDate "2020.07.31"]
[SourceVersion "1"]
[SourceVersionDate "2020.07.31"]
[SourceQuality "1"]

1. e4 e5 2. Nf3 Nf6 3. Nxe5 d6 4. Nf3 Nxe4 5. Bd3 Nf6 6. O-O Be7 7. c3 O-O 8.
Bc2 d5 9. d4 Bg4 10. h3 Bh5 11. g4 Bg6 12. Ne5 Bxc2 13. Qxc2 c5 14. Be3 Nbd7
15. Nd2 Rc8 16. Qf5 Nxe5 17. dxe5 Nd7 18. Nf3 Nb6 19. Rad1 Rc6 20. b3 Qc8 21.
Qxc8 Rfxc8 22. Rd2 f6 23. Bf4 Re6 24. Re1 Rf8 25. Kg2 h6 26. exf6 Rfxf6 27.
Rxe6 Rxe6 28. Be5 Kf7 29. Kg3 Bf6 30. Bxf6 Kxf6 31. h4 a5 32. h5 Re4 33. Nh4
Re1 34. Nf5 Rc1 35. Rd3 Rc2 36. Ne3 Rxa2 37. Nxd5+ Nxd5 38. Rxd5 Ra3 39. Rd6+
Ke5 40. Rb6 c4 41. bxc4 Rxc3+ 42. f3 Rxc4 43. Rxb7 Kf6 44. Ra7 a4 45. Ra6+ Kf7
46. Ra7+ Kf6 47. Ra6+ Kf7 48. Ra7+ Kf6 1/2-1/2

[Event "FIDE Steinitz Memorial (Women)"]
[Site "chess24.com INT"]
[Date "2020.05.16"]
[Round "7"]
[White "Tan, Zhongyi"]
[Black "Kosteniuk, Alexandra"]
[Result "1-0"]
[WhiteElo "2510"]
[BlackElo "2471"]
[PlyCount "61"]
[EventDate "2020.05.15"]
[EventType "tourn (blitz)"]
[EventRounds "18"]
[EventCountry "USA"]
[EventCategory "10"]
[SourceTitle "CBM 196 Extra"]
[Source "ChessBase"]
[SourceDate "2020.07.31"]
[SourceVersion "1"]
[SourceVersionDate "2020.07.31"]
[SourceQuality "1"]

1. d4 Nf6 2. c4 e6 3. Nc3 Bb4 4. Qc2 d5 5. cxd5 exd5 6. Bg5 h6 7. Bh4 Be6 8. e3
c5 9. dxc5 Nbd7 10. Nf3 g5 11. Bg3 Ne4 12. Bb5 O-O 13. Bxd7 Qxd7 14. O-O Bxc3
15. bxc3 Nxg3 16. hxg3 Rac8 17. Nd4 Rxc5 18. f4 f5 19. g4 Rfc8 20. gxf5 Bf7 21.
fxg5 hxg5 22. Qe2 Rxc3 23. Rae1 Qd6 24. Qg4 Qh6 25. f6 Qh4 26. Qf3 Qe4 27. Qg3
Qh4 28. Qd6 Qe4 29. Nf5 Kh7 30. Qh2+ Kg8 31. Ne7+ 1-0

[Event "FIDE Steinitz Memorial (Women)"]
[Site "chess24.com INT"]
[Date "2020.05.16"]
[Round "8"]
[White "Stefanova, Antoaneta"]
[Black "Kosteniuk, Alexandra"]
[Result "1-0"]
[WhiteElo "2462"]
[BlackElo "2471"]
[PlyCount "143"]
[EventDate "2020.05.15"]
[EventType "tourn (blitz)"]
[EventRounds "18"]
[EventCountry "USA"]
[EventCategory "10"]
[SourceTitle "CBM 196 Extra"]
[Source "ChessBase"]
[SourceDate "2020.07.31"]
[SourceVersion "1"]
[SourceVersionDate "2020.07.31"]
[SourceQuality "1"]

1. d4 Nf6 2. Nf3 b6 3. e3 e6 4. Bd3 Bb7 5. O-O d5 6. c4 dxc4 7. Bxc4 a6 8. Nc3
b5 9. Be2 Nbd7 10. a3 c5 11. dxc5 Nxc5 12. b4 Nce4 13. Nxe4 Bxe4 14. Qxd8+ Rxd8
15. Bb2 Bd6 16. a4 Bxb4 17. axb5 axb5 18. Bxb5+ Kf8 19. Ne5 Rb8 20. Bc6 Bd6 21.
Bxe4 Rxb2 22. Nc4 Nxe4 23. Nxb2 Ke7 24. Ra7+ Kf6 25. Nc4 Bb8 26. Rb7 Nc5 27.
Rb5 Ne4 28. f3 Nc3 29. Rb3 Nd5 30. e4 Ba7+ 31. Kh1 Nf4 32. g3 Ne2 33. Rb7 Bc5
34. Rc7 Bd4 35. e5+ Kg6 36. Re1 Nc3 37. Nd6 f6 38. exf6 Bxf6 39. Rxe6 Nd5 40.
Rc4 Ra8 41. Rg4+ Kh5 42. Nf5 g6 43. Ne3 Ra1+ 44. Kg2 Nxe3+ 45. Rxe3 Ra2+ 46.
Kh3 Rf2 47. Ra4 Bg5 48. f4 Bd8 49. g4+ Kh6 50. Kg3 Rf1 51. Ra6 Rb1 52. f5 Bc7+
53. Kf3 Bxh2 54. fxg6 hxg6 55. Ree6 Rb3+ 56. Ke2 Kg5 57. Rxg6+ Kh4 58. Rh6+ Kg3
59. g5 Rb2+ 60. Kd3 Rb5 61. g6 Rg5 62. Ke4 Bg1 63. Rh7 Rg4+ 64. Kf5 Rf4+ 65.
Ke6 Bd4 66. Ra3+ Kg2 67. g7 Rg4 68. Kf7 Rf4+ 69. Kg8 Rg4 70. Ra4 Kf3 71. Rxd4
Rxd4 72. Kh8 1-0

[Event "FIDE Steinitz Memorial (Women)"]
[Site "chess24.com INT"]
[Date "2020.05.16"]
[Round "9"]
[White "Kosteniuk, Alexandra"]
[Black "Lagno, Kateryna"]
[Result "1/2-1/2"]
[WhiteElo "2471"]
[BlackElo "2546"]
[PlyCount "134"]
[EventDate "2020.05.15"]
[EventType "tourn (blitz)"]
[EventRounds "18"]
[EventCountry "USA"]
[EventCategory "10"]
[SourceTitle "CBM 196 Extra"]
[Source "ChessBase"]
[SourceDate "2020.07.31"]
[SourceVersion "1"]
[SourceVersionDate "2020.07.31"]
[SourceQuality "1"]

1. e4 e5 2. Nf3 Nc6 3. Bc4 Bc5 4. d3 Nf6 5. a4 a6 6. a5 d6 7. c3 Ba7 8. O-O h6
9. Re1 O-O 10. Be3 Bxe3 11. Rxe3 Ne7 12. d4 Ng6 13. Nbd2 Qe7 14. Bb3 Nf4 15.
Bc2 Bg4 16. Qf1 c5 17. dxe5 dxe5 18. Nc4 Nd7 19. Rd1 Rad8 20. h3 Bxf3 21. Rxf3
Nf6 22. g3 Rxd1 23. Bxd1 Ng6 24. Bc2 Rd8 25. Rd3 h5 26. Ne3 h4 27. Nf5 Qf8 28.
Qd1 Rxd3 29. Qxd3 hxg3 30. fxg3 Ne7 31. Nd6 Qd8 32. Nxb7 Qf8 33. Qd8 Ne8 34.
Nxc5 Nc6 35. Qd5 Nxa5 36. b4 Nf6 37. Qxe5 Nc4 38. Qd4 Qb8 39. Kg2 Ne5 40. Nxa6
Qe8 41. Nc7 Qe7 42. Nd5 Nxd5 43. exd5 Nd7 44. Qe4 Qf6 45. Qe8+ Nf8 46. Qe3 g6
47. b5 Qd6 48. Qd4 Nd7 49. h4 Qe7 50. Qe4 Qc5 51. c4 Nb6 52. h5 Nxc4 53. hxg6
Ne3+ 54. Kf3 Nxc2 55. gxf7+ Kxf7 56. Qe6+ Kf8 57. Qf6+ Ke8 58. Qc6+ Qxc6 59.
bxc6 Ke7 60. Ke4 Kd6 61. g4 Nb4 62. g5 Nxd5 63. g6 Ne7 64. g7 Kxc6 65. Ke5 Kd7
66. Kf6 Ke8 67. Ke6 Ng8 1/2-1/2

[Event "FIDE Steinitz Memorial (Women)"]
[Site "chess24.com INT"]
[Date "2020.05.16"]
[Round "10"]
[White "Sebag, Marie"]
[Black "Kosteniuk, Alexandra"]
[Result "1/2-1/2"]
[WhiteElo "2438"]
[BlackElo "2471"]
[PlyCount "106"]
[EventDate "2020.05.15"]
[EventType "tourn (blitz)"]
[EventRounds "18"]
[EventCountry "USA"]
[EventCategory "10"]
[SourceTitle "CBM 196 Extra"]
[Source "ChessBase"]
[SourceDate "2020.07.31"]
[SourceVersion "1"]
[SourceVersionDate "2020.07.31"]
[SourceQuality "1"]

1. e4 c6 2. d4 d5 3. exd5 cxd5 4. Bd3 Nc6 5. c3 Nf6 6. Nf3 g6 7. O-O Bf5 8. Re1
e6 9. Bf4 Bxd3 10. Qxd3 Bg7 11. Nbd2 O-O 12. h3 a6 13. Ne5 Nd7 14. Ndf3 Re8 15.
Re2 Rc8 16. Rae1 b5 17. a4 Ndxe5 18. Nxe5 Nxe5 19. Bxe5 Qb6 20. Bxg7 Kxg7 21.
axb5 axb5 22. h4 b4 23. h5 bxc3 24. bxc3 Rc6 25. Qg3 Qc7 26. Qh4 Qe7 27. Qh2
Rxc3 28. Qe5+ Kg8 29. h6 Qf8 30. Qf4 Rc6 31. Ra1 f6 32. Ra7 Re7 33. Rea2 g5 34.
Qd2 Rcc7 35. Ra8 Re8 36. Rxe8 Qxe8 37. Qa5 Qc8 38. g3 Kf7 39. Qb6 Kg6 40. Ra6
Kxh6 41. Qxe6 Qxe6 42. Rxe6 Kg6 43. Rd6 Kf5 44. Rxd5+ Ke4 45. Rd6 f5 46. Kg2 f4
47. gxf4 gxf4 48. Re6+ Kxd4 49. Kf3 Rf7 50. Re4+ Kd5 51. Rxf4 Rg7 52. Rf5+ Ke6
53. Rh5 Rf7+ 1/2-1/2

[Event "FIDE Steinitz Memorial (Women)"]
[Site "chess24.com INT"]
[Date "2020.05.16"]
[Round "11"]
[White "Abdumalik, Zhansaya"]
[Black "Kosteniuk, Alexandra"]
[Result "1-0"]
[WhiteElo "2478"]
[BlackElo "2471"]
[PlyCount "83"]
[EventDate "2020.05.15"]
[EventType "tourn (blitz)"]
[EventRounds "18"]
[EventCountry "USA"]
[EventCategory "10"]
[SourceTitle "CBM 196 Extra"]
[Source "ChessBase"]
[SourceDate "2020.07.31"]
[SourceVersion "1"]
[SourceVersionDate "2020.07.31"]
[SourceQuality "1"]

1. e4 c6 2. d4 d5 3. Nd2 dxe4 4. Nxe4 Nf6 5. Nxf6+ exf6 6. c3 Bd6 7. Bd3 O-O 8.
Ne2 Re8 9. Qc2 h5 10. O-O h4 11. h3 Nd7 12. Be3 Nf8 13. c4 Be6 14. Rad1 Rc8 15.
Nc3 Bb8 16. Rfe1 Qc7 17. f4 Ng6 18. d5 cxd5 19. cxd5 Bxd5 20. Bxg6 Bc6 21. Bh7+
Kh8 22. Bc1 g6 23. Bxg6 fxg6 24. Qxg6 Qg7 25. Rxe8+ Rxe8 26. Qxg7+ Kxg7 27. Kf2
Kf7 28. Rd3 Rg8 29. g3 hxg3+ 30. Rxg3 Rh8 31. Be3 Rh4 32. Ne2 Bd5 33. b3 Be6
34. Kg2 Bd5+ 35. Kf2 Be6 36. Kg2 Bd5+ 37. Kh2 Be6 38. Nd4 Bxf4 39. Bxf4 Rxf4
40. Rg7+ Ke8 41. Nxe6 Rf2+ 42. Rg2 1-0

[Event "FIDE Steinitz Memorial (Women)"]
[Site "chess24.com INT"]
[Date "2020.05.17"]
[Round "13"]
[White "Paehtz, Elisabeth"]
[Black "Kosteniuk, Alexandra"]
[Result "0-1"]
[WhiteElo "2473"]
[BlackElo "2471"]
[PlyCount "96"]
[EventDate "2020.05.15"]
[EventType "tourn (blitz)"]
[EventRounds "18"]
[EventCountry "USA"]
[EventCategory "10"]
[SourceTitle "CBM 196 Extra"]
[Source "ChessBase"]
[SourceDate "2020.07.31"]
[SourceVersion "1"]
[SourceVersionDate "2020.07.31"]
[SourceQuality "1"]

1. d4 Nf6 2. Nf3 d5 3. Bf4 c5 4. e3 Nc6 5. c3 Qb6 6. Qc1 Bf5 7. Nbd2 e6 8. Be2
h6 9. O-O Be7 10. Ne5 Rc8 11. Nxc6 bxc6 12. dxc5 Bxc5 13. Nb3 Be7 14. c4 c5 15.
Be5 O-O 16. Rd1 Rfd8 17. Bf3 Ne4 18. Bxe4 Bxe4 19. Qc3 f6 20. Bg3 dxc4 21. Qxc4
Bd5 22. Qc3 c4 23. Nd4 Be4 24. a3 e5 25. Nf3 Bxf3 26. gxf3 Qb3 27. Rdc1 Rd3 28.
Qxb3 Rxb3 29. Rc2 c3 30. Rac1 Kf7 31. Rxc3 Rcxc3 32. Rxc3 Rxc3 33. bxc3 Bxa3
34. f4 e4 35. f5 Bb2 36. c4 a5 37. Bd6 a4 38. f3 exf3 39. Kf2 a3 40. Bxa3 Bxa3
41. Kxf3 Bd6 42. h3 h5 43. Ke4 Bc5 44. Kf4 Ke7 45. Kg3 Bxe3 46. Kh4 Kd6 47.
Kxh5 Kc5 48. Kg6 Bh6 0-1

[Event "FIDE Steinitz Memorial (Women)"]
[Site "chess24.com INT"]
[Date "2020.05.17"]
[Round "14"]
[White "Kosteniuk, Alexandra"]
[Black "Khademalsharieh, Sarasadat"]
[Result "1/2-1/2"]
[WhiteElo "2471"]
[BlackElo "2494"]
[PlyCount "75"]
[EventDate "2020.05.15"]
[EventType "tourn (blitz)"]
[EventRounds "18"]
[EventCountry "USA"]
[EventCategory "10"]
[SourceTitle "CBM 196 Extra"]
[Source "ChessBase"]
[SourceDate "2020.07.31"]
[SourceVersion "1"]
[SourceVersionDate "2020.07.31"]
[SourceQuality "1"]

1. Nf3 d5 2. g3 g6 3. Bg2 Bg7 4. d4 c6 5. O-O Nh6 6. Nbd2 Nf5 7. c3 O-O 8. e4
dxe4 9. Nxe4 Nd7 10. Bf4 Nf6 11. Nxf6+ Bxf6 12. h4 h5 13. Ne5 Be6 14. Be4 Nd6
15. Bc2 Bf5 16. Bb3 Kg7 17. Qc1 Rh8 18. Re1 Qb6 19. Nf3 c5 20. dxc5 Qxc5 21.
Be5 Bg4 22. Bxf6+ exf6 23. Qf4 Rhe8 24. Nd4 Re5 25. f3 Rae8 26. Kf2 Bd7 27. Qd2
Nf5 28. Bc2 Nxd4 29. Qxd4 Qxd4+ 30. cxd4 Rxe1 31. Rxe1 Rc8 32. Bb3 Kf8 33. d5
a5 34. a4 Re8 35. Rc1 Rc8 36. Re1 Re8 37. Rc1 Rc8 38. Re1 1/2-1/2

[Event "FIDE Steinitz Memorial (Women)"]
[Site "chess24.com INT"]
[Date "2020.05.17"]
[Round "15"]
[White "Lei, Tingjie"]
[Black "Kosteniuk, Alexandra"]
[Result "1-0"]
[WhiteElo "2505"]
[BlackElo "2471"]
[PlyCount "131"]
[EventDate "2020.05.15"]
[EventType "tourn (blitz)"]
[EventRounds "18"]
[EventCountry "USA"]
[EventCategory "10"]
[SourceTitle "CBM 196 Extra"]
[Source "ChessBase"]
[SourceDate "2020.07.31"]
[SourceVersion "1"]
[SourceVersionDate "2020.07.31"]
[SourceQuality "1"]

1. e4 c6 2. d4 d5 3. e5 c5 4. dxc5 e6 5. a3 Nc6 6. Nf3 Bxc5 7. b4 Bb6 8. Bb2
Nge7 9. Bd3 Ng6 10. O-O O-O 11. Re1 f6 12. exf6 gxf6 13. c4 Nf4 14. Bf1 e5 15.
cxd5 Qxd5 16. Qxd5+ Nxd5 17. Bc4 Be6 18. Nc3 Rad8 19. Rad1 Nf4 20. Bxe6+ Nxe6
21. Ne4 Ncd4 22. Nxd4 Bxd4 23. Bxd4 Nxd4 24. Rc1 Rd7 25. Rc3 Ne2+ 26. Kf1 Nxc3
27. Nxc3 Rc8 28. Ne4 Kf7 29. g4 Rcd8 30. Kg2 Rd1 31. Re2 b6 32. Rc2 R8d7 33.
Rc6 R1d4 34. f3 Ke7 35. Kg3 Rxe4 36. fxe4 Rd3+ 37. Kh4 Rxa3 38. Rc7+ Ke6 39.
Rxh7 Ra4 40. Kh5 Rxb4 41. Rxa7 Rxe4 42. Rb7 Rb4 43. h4 e4 44. Rb8 Kd7 45. Rb7+
Kd6 46. Rb8 e3 47. Re8 Rb5+ 48. g5 fxg5 49. hxg5 Re5 50. Rd8+ Ke7 51. Rd1 e2
52. Re1 b5 53. Kh6 Kf8 54. g6 Kg8 55. g7 Re6+ 56. Kg5 b4 57. Kf5 Re8 58. Kf6 b3
59. Rh1 Re6+ 60. Kxe6 b2 61. Re1 Kxg7 62. Ke5 Kf7 63. Ke4 Ke6 64. Kd4 Kd6 65.
Kc3 Kd5 66. Kxb2 1-0

[Event "FIDE Steinitz Memorial (Women)"]
[Site "chess24.com INT"]
[Date "2020.05.17"]
[Round "16"]
[White "Kosteniuk, Alexandra"]
[Black "Tan, Zhongyi"]
[Result "1-0"]
[WhiteElo "2471"]
[BlackElo "2510"]
[PlyCount "87"]
[EventDate "2020.05.15"]
[EventType "tourn (blitz)"]
[EventRounds "18"]
[EventCountry "USA"]
[EventCategory "10"]
[SourceTitle "CBM 196 Extra"]
[Source "ChessBase"]
[SourceDate "2020.07.31"]
[SourceVersion "1"]
[SourceVersionDate "2020.07.31"]
[SourceQuality "1"]

1. e4 e5 2. Nf3 Nc6 3. Bb5 Nf6 4. d4 exd4 5. O-O Be7 6. e5 Ne4 7. Re1 Nc5 8. c3
dxc3 9. Nxc3 O-O 10. Nd5 Ne6 11. Bd2 Bc5 12. Bc3 Ne7 13. Ne3 d5 14. exd6 Qxd6
15. Qc2 Qb6 16. Bd3 Ng6 17. Nc4 Qc6 18. Be4 Qb5 19. b3 Bb4 20. Bxb4 Qxb4 21. h4
Rd8 22. h5 Ngf8 23. Rad1 Bd7 24. a3 Qe7 25. Bxb7 Rab8 26. Be4 Qf6 27. Rd5 Nf4
28. Ra5 a6 29. g3 Nh3+ 30. Kg2 h6 31. Nce5 Ng5 32. Nxd7 Nxd7 33. Rf5 Qe7 34.
Bd5 Qd6 35. Nxg5 hxg5 36. Bxf7+ Kh8 37. Rxg5 Qf6 38. Rf5 Qh6 39. Re6 Nf6 40.
Bg6 Rd2 41. Qxc7 Rbd8 42. Rexf6 gxf6 43. Rxf6 Qg7 44. Rf7 1-0

[Event "FIDE Steinitz Memorial (Women)"]
[Site "chess24.com INT"]
[Date "2020.05.17"]
[Round "17"]
[White "Lagno, Kateryna"]
[Black "Kosteniuk, Alexandra"]
[Result "1/2-1/2"]
[WhiteElo "2546"]
[BlackElo "2471"]
[PlyCount "63"]
[EventDate "2020.05.15"]
[EventType "tourn (blitz)"]
[EventRounds "18"]
[EventCountry "USA"]
[EventCategory "10"]
[SourceTitle "CBM 196 Extra"]
[Source "ChessBase"]
[SourceDate "2020.07.31"]
[SourceVersion "1"]
[SourceVersionDate "2020.07.31"]
[SourceQuality "1"]

1. e4 c5 2. Nf3 Nc6 3. Bb5 Nf6 4. e5 Nd5 5. Nc3 Nc7 6. Bxc6 dxc6 7. d3 g6 8.
O-O Bg7 9. a4 b6 10. a5 Rb8 11. axb6 axb6 12. h3 O-O 13. Bf4 Ne6 14. Bg3 b5 15.
Ne4 Qb6 16. b3 Bd7 17. Qe2 Ra8 18. Qe3 Nd4 19. Nxd4 cxd4 20. Qg5 f6 21. exf6
exf6 22. Qc5 Qxc5 23. Nxc5 Bf5 24. b4 Rfe8 25. Bf4 g5 26. Bd2 Rxa1 27. Rxa1 Re2
28. Rd1 Bf8 29. Kf1 Re5 30. Re1 Rxe1+ 31. Kxe1 Bxc5 32. bxc5 1/2-1/2

[Event "FIDE Steinitz Memorial (Women)"]
[Site "chess24.com INT"]
[Date "2020.05.17"]
[Round "18"]
[White "Kosteniuk, Alexandra"]
[Black "Stefanova, Antoaneta"]
[Result "0-1"]
[WhiteElo "2471"]
[BlackElo "2462"]
[PlyCount "58"]
[EventDate "2020.05.15"]
[EventType "tourn (blitz)"]
[EventRounds "18"]
[EventCountry "USA"]
[EventCategory "10"]
[SourceTitle "CBM 196 Extra"]
[Source "ChessBase"]
[SourceDate "2020.07.31"]
[SourceVersion "1"]
[SourceVersionDate "2020.07.31"]
[SourceQuality "1"]

1. Nf3 d5 2. g3 g6 3. Bg2 Bg7 4. d4 Nf6 5. O-O O-O 6. c4 c6 7. Qb3 Qb6 8. Nc3
Bf5 9. cxd5 Qxb3 10. axb3 Nxd5 11. Ne5 Be6 12. Na4 Na6 13. Bd2 Ndb4 14. Bxb4
Nxb4 15. Nc5 Nc2 16. Nxe6 fxe6 17. Rad1 Nxd4 18. Rxd4 Bxe5 19. Re4 Bxb2 20.
Rxe6 Bf6 21. e4 Kf7 22. Bh3 Bd4 23. Kg2 a5 24. f4 a4 25. f5 gxf5 26. Bxf5 a3
27. Rh6 Ke8 28. Rxh7 a2 29. Bg6+ Kd7 0-1

[Event "Titled Tuesday intern op 19th May"]
[Site "Chess.com INT"]
[Date "2020.05.19"]
[Round "1"]
[White "Peycheva, Gergana"]
[Black "Kosteniuk, Alexandra"]
[Result "0-1"]
[WhiteElo "2255"]
[BlackElo "2471"]
[PlyCount "88"]
[EventDate "2020.05.19"]
[EventType "swiss (blitz)"]
[EventRounds "10"]
[EventCountry "USA"]
[SourceTitle "EXT 2021"]
[Source "ChessBase"]
[SourceDate "2020.10.23"]
[SourceVersion "1"]
[SourceVersionDate "2020.10.23"]
[SourceQuality "1"]

1. d4 Nf6 2. c4 e6 3. Nc3 Bb4 4. e3 b6 5. Nge2 Bb7 6. a3 Be7 7. Nf4 O-O 8. Bd3
d6 9. O-O Nbd7 10. Bc2 Re8 11. b3 Nf8 12. Bb2 c5 13. d5 e5 14. Nfe2 a6 15. Ng3
b5 16. Rb1 Ng6 17. Qe2 Rb8 18. Rfd1 Bc8 19. cxb5 axb5 20. Nxb5 Ba6 21. Bd3 Nxd5
22. Nxd6 Bxd3 23. Qxd3 Qxd6 24. Qxd5 Qxd5 25. Rxd5 Rxb3 26. Nf5 Bf8 27. Rd2 c4
28. Rc1 Reb8 29. Bc3 Bxa3 30. Rcd1 Rxc3 31. Rd8+ Rxd8 32. Rxd8+ Bf8 33. h4 h5
34. g4 f6 35. gxh5 Nh8 36. Ne7+ Kf7 37. Nf5 Rd3 38. Rc8 c3 39. Rc7+ Ke6 40. e4
Nf7 41. Rc6+ Bd6 42. Ne3 Nd8 43. Rc8 Kd7 44. Rb8 Bxb8 0-1

[Event "Titled Tuesday intern op 19th May"]
[Site "Chess.com INT"]
[Date "2020.05.19"]
[Round "3"]
[White "Torres Cueto, Jesus Marcial"]
[Black "Kosteniuk, Alexandra"]
[Result "1/2-1/2"]
[WhiteElo "2086"]
[BlackElo "2471"]
[PlyCount "130"]
[EventDate "2020.05.19"]
[EventType "swiss (blitz)"]
[EventRounds "10"]
[EventCountry "USA"]
[SourceTitle "EXT 2021"]
[Source "ChessBase"]
[SourceDate "2020.10.23"]
[SourceVersion "1"]
[SourceVersionDate "2020.10.23"]
[SourceQuality "1"]

1. d4 Nf6 2. c4 e6 3. Nc3 Bb4 4. e3 b6 5. Nge2 Bb7 6. a3 Be7 7. d5 e5 8. g3 O-O
9. Bg2 d6 10. O-O a5 11. f4 Nfd7 12. h3 f5 13. fxe5 Nxe5 14. Nd4 Bc8 15. Qe2 a4
16. e4 fxe4 17. Rxf8+ Qxf8 18. Nxe4 Na6 19. Bg5 Bxg5 20. Nxg5 Qe7 21. Nge6 Bxe6
22. Nxe6 Nc5 23. Nd4 Qg5 24. Kh2 Re8 25. Rf1 h5 26. Qc2 h4 27. g4 Nxg4+ 28.
hxg4 Qe5+ 29. Kh1 Qxd4 30. Qf5 Qf6 31. Qh5 Qe7 32. g5 Rf8 33. Rxf8+ Qxf8 34.
Qxh4 Qf5 35. Qh5 Qe5 36. Qh4 Qxb2 37. g6 Qb1+ 38. Kh2 Qxg6 39. Qd8+ Kh7 40.
Qxc7 Qh6+ 41. Kg1 Qe3+ 42. Kh2 Qf4+ 43. Kg1 Qd4+ 44. Kh2 Qe5+ 45. Kg1 Nd3 46.
Qxb6 Nf4 47. Qf2 Ne2+ 48. Kf1 Ng3+ 49. Kg1 Nf5 50. Bf3 Qa1+ 51. Kh2 Qe5+ 52.
Kg1 Nd4 53. Bg4 g6 54. Qh4+ Kg7 55. Qf2 Qe4 56. Bh3 Qb1+ 57. Kh2 Qe4 58. Bg2
Qe5+ 59. Kg1 Nf5 60. c5 dxc5 61. Qxc5 Qe1+ 62. Kh2 Qg3+ 63. Kg1 Qe1+ 64. Kh2
Qh4+ 65. Kg1 Qe1+ 1/2-1/2

[Event "Titled Tuesday intern op 26th May"]
[Site "Chess.com INT"]
[Date "2020.05.26"]
[Round "4"]
[White "Kosteniuk, Alexandra"]
[Black "Vazquez, Guillermo"]
[Result "0-1"]
[WhiteElo "2471"]
[BlackElo "2527"]
[PlyCount "166"]
[EventDate "2020.05.26"]
[EventType "swiss (blitz)"]
[EventRounds "10"]
[EventCountry "USA"]
[SourceTitle "CBM 196 Extra"]
[Source "ChessBase"]
[SourceDate "2020.07.31"]
[SourceVersion "1"]
[SourceVersionDate "2020.07.31"]
[SourceQuality "1"]

1. e4 c6 2. c4 d5 3. cxd5 cxd5 4. exd5 Nf6 5. Nc3 Nxd5 6. Nf3 Nxc3 7. bxc3 g6
8. Bc4 Bg7 9. O-O O-O 10. a4 Nc6 11. Ba3 Re8 12. Ng5 e6 13. Ne4 Na5 14. Ba2 Bd7
15. Nd6 Re7 16. d4 Bc6 17. c4 Rd7 18. c5 b6 19. Rc1 Nb7 20. Re1 Nxd6 21. cxd6
Rxd6 22. Bxd6 Qxd6 23. d5 Bxd5 24. Bxd5 exd5 25. Qf3 Rd8 26. Red1 d4 27. Rd3 h5
28. g3 Qd7 29. Rc4 Qe6 30. Rc7 a5 31. h4 Bf8 32. Kg2 Bc5 33. Qb7 Rf8 34. Rf3
Qc4 35. Rd7 Qe6 36. Rc7 Qc4 37. Rc8 Qe6 38. Rc6 Qe4 39. Qd7 Kg7 40. Rc7 Kg8 41.
Rc6 Kg7 42. Rcf6 Qe7 43. Qxe7 Bxe7 44. Rxb6 Bb4 45. Rb7 Bc3 46. Rd7 Kg8 47. Rf4
f6 48. Re4 Rf7 49. Ree7 Rxe7 50. Rxe7 Kf8 51. Rd7 Ke8 52. Rd5 Kf7 53. Kf3 Ke6
54. Rd8 Kf5 55. Rd5+ Ke6 56. Rc5 Bb4 57. Rc8 Kf5 58. Rd8 Bc3 59. Ke2 Ke6 60. f3
Kf5 61. Kd3 g5 62. Rd5+ Kg6 63. Rb5 gxh4 64. gxh4 Kh6 65. f4 Kg6 66. f5+ Kf7
67. Ke4 Be1 68. Rb7+ Kg8 69. Kxd4 Bxh4 70. Kd5 Bg5 71. Ke6 h4 72. Rb3 Kg7 73.
Rd3 Kh6 74. Kd5 Kh5 75. Ke4 Kg4 76. Rd1 h3 77. Rg1+ Kh4 78. Kf3 h2 79. Rh1 Kh3
80. Rd1 Bh4 81. Rh1 Bg3 82. Rd1 Be5 83. Ke4 Kg2 0-1

[Event "Titled Tuesday intern op 26th May"]
[Site "Chess.com INT"]
[Date "2020.05.26"]
[Round "8"]
[White "Kosteniuk, Alexandra"]
[Black "Soltanici, Ruslan"]
[Result "1-0"]
[WhiteElo "2471"]
[BlackElo "2410"]
[PlyCount "129"]
[EventDate "2020.05.26"]
[EventType "swiss (blitz)"]
[EventRounds "10"]
[EventCountry "USA"]
[SourceTitle "CBM 196 Extra"]
[Source "ChessBase"]
[SourceDate "2020.07.31"]
[SourceVersion "1"]
[SourceVersionDate "2020.07.31"]
[SourceQuality "1"]

1. e4 c5 2. c3 e6 3. d4 d5 4. exd5 exd5 5. Nf3 Nc6 6. Bb5 Nf6 7. O-O Bd6 8.
dxc5 Bxc5 9. Nbd2 O-O 10. Nb3 Bb6 11. h3 a6 12. Bd3 Ne4 13. Nfd4 Qf6 14. Be3
Ne5 15. Bc2 Nc4 16. Bc1 Bd7 17. Qe1 Rfe8 18. f3 Ned2 19. Qf2 Nxf1 20. Kxf1 Re7
21. h4 h6 22. Qg3 Rae8 23. Bf4 Ne3+ 24. Bxe3 Rxe3 25. Rd1 Qe5 26. Qxe5 R3xe5
27. Bd3 a5 28. Kf2 a4 29. Nc1 Bf5 30. f4 Bg4 31. Rd2 R5e7 32. Nce2 Bd7 33. Ng3
g6 34. h5 Kg7 35. Be2 Bc6 36. Bf3 Rd8 37. Kf1 Bc5 38. Ngf5+ gxf5 39. Nxf5+ Kf6
40. Nxe7 Kxe7 41. g4 Kf6 42. Kg2 Bd6 43. Kg3 Bc7 44. Rd4 b6 45. c4 dxc4 46.
Rxd8 Bxd8 47. Bxc6 Bc7 48. Bxa4 Ke6 49. Bc6 Kd6 50. Be4 f6 51. Kf3 Kc5 52. Ke3
b5 53. Bf5 Bd8 54. Be6 b4 55. Ke4 Bc7 56. Ke3 Bb6 57. Ke4 Bc7 58. Bf7 Bb8 59.
b3 Bc7 60. Bxc4 Bb8 61. Be2 Bc7 62. Bd3 Bb8 63. Kf5 Bc7 64. g5 fxg5 65. fxg5
1-0